[Event "Olimpiade 2014 - Open"]
[Site "Tromsø"]
[Date "03.08.2014"]
[Round "2.47"]
[Board "4"]
[White "Hernandez, Juan Carlos"]
[Black "Kalugampitiya, R S"]
[Result "0-1"]
[WhiteElo "1964"]
[BlackElo "2121"]
[WhiteTeam "Honduras"]
[BlackTeam "Sri Lanka"]
[WhiteFideId "8400318"]
[BlackFideId "9901124"]
[EventDate "2014.08.02"]

1. e4 c5 2. Nf3 e6 3. d4 cxd4 4. Nxd4 a6 5. c4 Qc7 6. Nc3 Nc6 7. Be3 Nf6 8. f3
Bd6 9. g3 Bb4 10. Rc1 d5 11. Nxc6 bxc6 12. exd5 O-O 13. Kf2 exd5 14. Qa4 Qd6 15.
cxd5 Bd7 16. Be2 cxd5 17. Qd1 Rfe8 18. Bd4 Bc5 19. Re1 Rab8 20. b3 Ng4+ 21. fxg4
Qf6+ 22. Kg2 Bxd4 23. Nxd5 Qf2+ 24. Kh3 h5 25. Bf3 Rxe1 26. Qxe1 Qxf3 27. Ne7+
Kh8 0-1

[Event "Olimpiade 2014 - Open"]
[Site "Tromsø"]
[Date "03.08.2014"]
[Round "2.49"]
[Board "1"]
[White "Sanon, Mondoly"]
[Black "Holland, Christopher"]
[Result "1/2-1/2"]
[WhiteElo "2012"]
[BlackElo "2270"]
[WhiteTeam "Haiti"]
[BlackTeam "Guernsey"]
[WhiteFideId "11900059"]
[BlackFideId "10700072"]
[EventDate "2014.08.02"]

1. e4 e6 2. d4 d5 3. exd5 exd5 4. Bd3 Bd6 5. Nf3 Nf6 6. Nc3 c6 7. h3 O-O 8. Be3
Re8 9. O-O Nbd7 10. Bg5 Nf8 11. Qd2 Ne6 12. Rfe1 Nxg5 13. Qxg5 Be6 14. Ne5 h6
15. Qd2 c5 16. dxc5 Bxc5 17. Nf3 a6 18. Ne2 Ne4 19. Bxe4 dxe4 20. Nfd4 Qb6 21.
c3 Rad8 22. b4 Bf8 23. a3 f5 24. Nf4 Bf7 25. Qe3 Qf6 26. g3 g5 27. Nfe2 Bd6 28.
f4 Bc4 29. Kh2 Kh7 30. Rg1 Bc7 31. fxg5 hxg5 32. h4 gxh4 33. Kh3 hxg3 34. Rh1 f4
35. Kg4+ Kg8 36. Nxf4 Qg7+ 37. Kh4 Qh6+ 38. Kg4 Qxf4+ 39. Qxf4 Bxf4 40. Kxf4 g2
41. Rhg1 Rf8+ 42. Ke3 Bf1 43. Ne6 Rd3+ 44. Kxe4 Rxc3 45. Nxf8 Kxf8 46. Rgxf1+
gxf1=Q 47. Rxf1+ Ke7 48. Ra1 Kd6 49. Kd4 Rh3 50. a4 1/2-1/2

[Event "Olimpiade 2014 - Open"]
[Site "Tromsø"]
[Date "03.08.2014"]
[Round "2.49"]
[Board "2"]
[White "Hamperl, Fred"]
[Black "Luxama, Jacques Muller"]
[Result "0-1"]
[WhiteTitle "FM"]
[WhiteElo "2119"]
[BlackElo "1893"]
[WhiteTeam "Guernsey"]
[BlackTeam "Haiti"]
[WhiteFideId "10700110"]
[BlackFideId "11900113"]
[EventDate "2014.08.02"]

1. e4 e5 2. Nf3 Nf6 3. Nxe5 d6 4. Nf3 Nxe4 5. Nc3 d5 6. Qe2 Be7 7. Nxe4 dxe4 8.
Qxe4 O-O 9. Bc4 Bd6 10. O-O Re8 11. Qh4 Qxh4 12. Nxh4 Re4 13. Bxf7+ Kxf7 14. Nf3
h6 15. d3 Re7 16. Be3 Nc6 17. h3 Bf5 18. a3 Rae8 19. Rfd1 Bg6 20. c4 Ne5 21. Ne1
c5 22. b4 b6 23. Rac1 cxb4 24. d4 bxa3 25. c5 bxc5 26. dxe5 Bxe5 27. Bxc5 Bb2
28. Bxe7 Rxe7 29. Nc2 Bxc1 30. Rxc1 Rc7 31. Ra1 Bxc2 32. Rxa3 Be4 33. h4 Bc6 34.
Kh2 Bb5 35. g4 a6 36. Re3 Rc4 37. Kg3 a5 38. f4 a4 39. h5 Rb4 40. Re1 a3 41. Ra1
Rb3+ 42. Kh4 Bc4 43. g5 Be6 44. g6+ Kf6 45. f5 Bxf5 46. Rxa3 Rb4+ 47. Kg3 Rg4+
48. Kf3 Rh4 49. Ra6+ Be6 50. Ra5 Bg4+ 51. Kg3 Rxh5 52. Ra7 Be6 0-1

[Event "Olimpiade 2014 - Open"]
[Site "Tromsø"]
[Date "03.08.2014"]
[Round "2.50"]
[Board "1"]
[White "Hamal, Manish"]
[Black "Manuel, Enofre Efren D."]
[Result "1-0"]
[WhiteTitle "FM"]
[WhiteElo "2068"]
[BlackElo "1950"]
[WhiteTeam "Nepal"]
[BlackTeam "Guam"]
[WhiteFideId "12300110"]
[BlackFideId "31000053"]
[EventDate "2014.08.02"]

1. e4 Nf6 2. e5 Nd5 3. Nf3 d6 4. Bc4 e6 5. d4 Nb6 6. Bb3 Nc6 7. Qe2 dxe5 8. dxe5
Nd4 9. Nxd4 Qxd4 10. O-O Be7 11. Rd1 Qh4 12. Nc3 Bd7 13. a4 Bc6 14. a5 Nd7 15.
Ba4 Nc5 16. Bxc6+ bxc6 17. Qf3 O-O 18. Qxc6 f5 19. Be3 Qc4 20. Rd7 f4 21. Bxc5
f3 22. Rxe7 Qg4 23. Qxe6+ 1-0

[Event "Olimpiade 2014 - Open"]
[Site "Tromsø"]
[Date "03.08.2014"]
[Round "2.50"]
[Board "2"]
[White "Orio, Rogelio L."]
[Black "Shrestha, Sujendra Prasad"]
[Result "1/2-1/2"]
[BlackTitle "FM"]
[WhiteElo "1755"]
[BlackElo "1930"]
[WhiteTeam "Guam"]
[BlackTeam "Nepal"]
[WhiteFideId "31000118"]
[BlackFideId "12300519"]
[EventDate "2014.08.02"]

1. d4 c5 2. d5 d6 3. e4 e5 4. c4 Ne7 5. Bd3 Ng6 6. Ne2 Be7 7. Nbc3 a6 8. O-O O-O
9. a4 Bg4 10. f3 Bc8 11. Be3 Bg5 12. f4 exf4 13. Bxf4 Nxf4 14. Nxf4 Nd7 15. b3
Ne5 16. Be2 Qe7 17. a5 Bd7 18. Rb1 f5 19. Ne6 Bxe6 20. dxe6 fxe4 21. Qd5 Be3+
22. Kh1 Nc6 23. Qxe4 Bg5 24. Nd5 Qd8 25. Bd3 g6 26. Rbe1 Be7 27. g3 Ne5 28. Bb1
Rc8 29. h4 Qe8 30. h5 Bg5 31. Nf4 Qe7 32. hxg6 Bxf4 33. g7 Qxg7 34. gxf4 Ng4 35.
Re2 Rf6 36. Rg2 Re8 37. f5 h5 38. Kg1 Kh8 39. Rf4 Qg5 40. Rgxg4 hxg4 41. Rxg4
Qc1+ 42. Kf2 Rh6 43. Rg2 Rh1 44. Bd3 Rg8 45. Rxg8+ Kxg8 46. Qg2+ Kf8 47. e7+
Kxe7 48. Qg7+ Ke8 49. Qg8+ Kd7 50. Qe6+ Kc7 51. Qe7+ Kc8 52. Qf8+ Kd7 53. Qf7+
Kd8 54. Qf6+ Kc7 55. Qe7+ Kc8 56. Qf8+ Kc7 1/2-1/2

[Event "Olimpiade 2014 - Open"]
[Site "Tromsø"]
[Date "03.08.2014"]
[Round "2.52"]
[Board "1"]
[White "Magana, Ben"]
[Black "Teh, Eu Wen Aron"]
[Result "1/2-1/2"]
[WhiteTitle "CM"]
[WhiteElo "2085"]
[BlackElo "2309"]
[WhiteTeam "Kenya"]
[BlackTeam "Malaysia"]
[WhiteFideId "10800166"]
[BlackFideId "5704723"]
[EventDate "2014.08.02"]

1. e4 e5 2. Nf3 Nc6 3. Bb5 Nf6 4. d3 Bc5 5. O-O d6 6. c3 O-O 7. Bg5 h6 8. Bh4
Bb6 9. Nbd2 a6 10. Ba4 Be6 11. Bb3 Ba7 12. Qe2 g5 13. Nxg5 hxg5 14. Bxg5 Bg4 15.
Qe1 Kg7 16. Kh1 Qd7 17. f4 Nh5 18. f5 f6 19. Bh4 Rh8 20. h3 Nf4 21. Qg3 Rxh4 22.
Qxh4 Be2 23. Qg3+ Kh8 24. Qh4+ Kg7 25. Qg3+ Kh8 26. Qh4+ 1/2-1/2

[Event "Olimpiade 2014 - Open"]
[Site "Tromsø"]
[Date "03.08.2014"]
[Round "2.52"]
[Board "2"]
[White "Fong, Yit San"]
[Black "Atwoli, Joseph"]
[Result "1-0"]
[WhiteElo "2143"]
[BlackElo "2046"]
[WhiteTeam "Malaysia"]
[BlackTeam "Kenya"]
[WhiteFideId "5702640"]
[BlackFideId "10800816"]
[EventDate "2014.08.02"]

1. e4 d5 2. exd5 Qxd5 3. Nc3 Qa5 4. d4 Nf6 5. Nf3 Bf5 6. Ne5 c6 7. g4 Bc8 8. Qf3
Nbd7 9. Nc4 Qd8 10. g5 Ng8 11. Bf4 Nb6 12. O-O-O Nxc4 13. Bxc4 e6 14. d5 Qb6 15.
dxe6 fxe6 16. Rhe1 Ne7 17. Bxe6 Bxe6 18. Rxe6 Rd8 19. Bd6 Rd7 20. Rde1 Qd4 21.
Qe2 Rxd6 22. Rxe7+ Kd8 23. Rf7 Kc8 24. Rd1 Qb6 1-0

[Event "Olimpiade 2014 - Open"]
[Site "Tromsø"]
[Date "03.08.2014"]
[Round "2.52"]
[Board "3"]
[White "Ouma, Stephen"]
[Black "Subramaniam, Sumant"]
[Result "1-0"]
[WhiteElo "2038"]
[BlackElo "2075"]
[WhiteTeam "Kenya"]
[BlackTeam "Malaysia"]
[WhiteFideId "10800824"]
[BlackFideId "5702720"]
[EventDate "2014.08.02"]

1. e4 c5 2. Nc3 a6 3. a4 d6 4. g3 Nc6 5. Bg2 g6 6. d3 Bg7 7. f4 Nd4 8. Nce2 e6
9. c3 Nc6 10. Be3 Nge7 11. Nf3 O-O 12. O-O Rb8 13. d4 cxd4 14. cxd4 Qb6 15. Ra3
Na5 16. Qd3 d5 17. Nd2 dxe4 18. Nxe4 Nd5 19. Bd2 Nb4 20. Qc3 Nac6 21. Qc5 Qxc5
22. dxc5 Nc2 23. Rb3 N2d4 24. Nxd4 Nxd4 25. Rb6 Rd8 26. Nd6 Nf5 27. Nxf5 gxf5
28. Be3 Rd3 29. Kf2 e5 30. fxe5 Bxe5 31. Ke2 Rd8 32. Bf4 Re8 33. Kd3 Bxf4 34.
Rxf4 Bd7 35. Bxb7 Rbd8 36. Rd6 a5 37. b3 Be6 38. Rxd8 Rxd8+ 39. Rd4 Rb8 40. c6
Kf8 41. Rd6 Ke7 42. Rxe6+ fxe6 43. c7 Rxb7 44. c8=Q Rxb3+ 45. Kc2 Rb4 46. Qc7+
Kf6 47. Qxa5 Re4 48. Kd3 Kg5 49. h3 e5 50. Qd8+ Kg6 51. Qg8+ Kh6 52. h4 1-0

[Event "Olimpiade 2014 - Open"]
[Site "Tromsø"]
[Date "03.08.2014"]
[Round "2.53"]
[Board "1"]
[White "Blijstra, Wim"]
[Black "Iyti, Basher"]
[Result "1/2-1/2"]
[BlackTitle "IM"]
[WhiteElo "2201"]
[BlackElo "2263"]
[WhiteTeam "Netherlands Antilles"]
[BlackTeam "Syria"]
[WhiteFideId "1018000"]
[BlackFideId "7601875"]
[EventDate "2014.08.02"]

1. d4 g6 2. c4 c6 3. e4 d5 4. e5 Bg7 5. Nc3 Nh6 6. cxd5 cxd5 7. Bb5+ Nc6 8. Nge2
O-O 9. O-O a6 10. Bxc6 bxc6 11. Na4 f6 12. exf6 exf6 13. Qc2 Bd7 14. b3 Re8 15.
Ba3 Bf5 16. Qd2 Nf7 17. Ng3 Bh6 18. Qc3 Bd7 19. Rfe1 Qc7 20. Bc5 Ng5 21. Nb6
Rad8 22. Na4 Rb8 23. Qd3 Qa5 24. Re7 Rxe7 25. Bxe7 Kf7 26. Bd6 Re8 27. Nc5 Bc8
28. Nf1 Ne4 29. Nxe4 Rxe4 30. b4 Qb5 31. Qxb5 axb5 32. Bc5 Bd7 33. Ng3 Re8 34.
Kf1 Ra8 35. a3 Bf4 36. Ke2 h5 37. Nf1 h4 38. g3 Bg5 39. f4 Bh6 40. Ne3 hxg3 41.
hxg3 Bg7 42. Kf3 g5 43. f5 g4+ 44. Kxg4 Bh6 45. Kf3 Re8 46. Re1 Bxe3 47. Rxe3 1/2-1/2

[Event "Olimpiade 2014 - Open"]
[Site "Tromsø"]
[Date "03.08.2014"]
[Round "2.53"]
[Board "2"]
[White "Omrani, Hasan"]
[Black "Maduro, Sherman"]
[Result "1-0"]
[BlackTitle "CM"]
[WhiteElo "2085"]
[BlackElo "1993"]
[WhiteTeam "Syria"]
[BlackTeam "Netherlands Antilles"]
[WhiteFideId "7601735"]
[BlackFideId "7500122"]
[EventDate "2014.08.02"]

1. Nf3 c5 2. g3 Nc6 3. Bg2 d5 4. d3 e5 5. O-O Bd6 6. e4 d4 7. Nbd2 Nge7 8. Nc4
Bc7 9. a4 O-O 10. Nh4 Rb8 11. b3 a6 12. f4 exf4 13. Bxf4 b5 14. Nd2 Bxf4 15.
gxf4 Nb4 16. axb5 axb5 17. Ndf3 Bg4 18. Qd2 Nec6 19. h3 Bh5 20. Nf5 Qd7 21. Kh2
Ra8 22. Ng3 Bxf3 23. Bxf3 Ra2 24. Rxa2 Nxa2 25. Qg2 f6 26. Bg4 Qc7 27. Be6+ Kh8
28. Qe2 Nc3 29. Qh5 Ne7 30. e5 Ncd5 31. Ne4 Ne3 32. Rg1 Ng8 33. Nd6 Nh6 34. exf6
Nhg4+ 35. Rxg4 Nxg4+ 36. Qxg4 Rxf6 37. Nf7+ Kg8 38. Ne5+ Kf8 39. Nd7+ 1-0

[Event "Olimpiade 2014 - Open"]
[Site "Tromsø"]
[Date "03.08.2014"]
[Round "2.53"]
[Board "3"]
[White "Da Silva, John"]
[Black "Akhras, Khaled"]
[Result "0-1"]
[WhiteElo "1996"]
[BlackElo "2246"]
[WhiteTeam "Netherlands Antilles"]
[BlackTeam "Syria"]
[WhiteFideId "15900061"]
[BlackFideId "7600909"]
[EventDate "2014.08.02"]

1. e4 c5 2. Nf3 Nc6 3. d4 cxd4 4. Nxd4 e5 5. Nf3 Nf6 6. Bg5 h6 7. Bxf6 Qxf6 8.
Bc4 Bb4+ 9. c3 Be7 10. Qe2 a6 11. a4 O-O 12. Nbd2 d6 13. Nf1 Qg6 14. Ne3 Be6 15.
Nd5 Bxd5 16. exd5 Nb8 17. O-O Nd7 18. Rfe1 Rae8 19. b4 f5 20. Bb3 Bf6 21. Rac1
e4 22. Nd2 Bg5 23. Rcd1 Ne5 24. Kh1 Nd3 25. Rg1 Nxf2+ 26. Qxf2 e3 27. Qf3 exd2
28. Rdf1 Be3 29. Bc2 Bxg1 30. Kxg1 Qg5 31. Kf2 Re5 32. c4 Qh4+ 33. Kg1 Qxc4 34.
Bb3 Qd4+ 0-1

[Event "Olimpiade 2014 - Open"]
[Site "Tromsø"]
[Date "03.08.2014"]
[Round "2.53"]
[Board "4"]
[White "Al-Tarbosh, Ward"]
[Black "Izijk, Jimmy"]
[Result "1-0"]
[WhiteTitle "FM"]
[WhiteElo "2272"]
[BlackElo "2026"]
[WhiteTeam "Syria"]
[BlackTeam "Netherlands Antilles"]
[WhiteFideId "7601450"]
[BlackFideId "7500041"]
[EventDate "2014.08.02"]

1. e4 c5 2. Nf3 d6 3. c3 Nf6 4. Bd3 Nc6 5. O-O g6 6. Bc2 Bg7 7. h3 O-O 8. Re1
Qc7 9. d4 Nd7 10. Be3 b6 11. Na3 a6 12. Rc1 b5 13. Qd2 Re8 14. b4 c4 15. d5 Nce5
16. Nd4 Nf6 17. Nb1 e6 18. f4 Ned7 19. dxe6 fxe6 20. f5 Ne5 21. fxe6 Bxe6 22.
Nxe6 Rxe6 23. Rcd1 Rae8 24. Bf4 Nh5 25. Bh2 Qa7+ 26. Kh1 Qe7 27. Rf1 Qh4 28. Qe3
Bh6 29. Qf2 Qe7 30. Nd2 Rf8 31. Qg1 Nf4 32. Bxf4 Bxf4 33. Nf3 g5 34. Nd4 Ng4 35.
Nxe6 Qxe6 36. Rxf4 Rxf4 37. hxg4 Rxg4 38. Qd4 Rh4+ 39. Kg1 Qh6 40. Qd5+ Kh8 41.
Qxd6 Rh1+ 42. Kf2 Qh4+ 43. Qg3 1-0

[Event "Olimpiade 2014 - Open"]
[Site "Tromsø"]
[Date "03.08.2014"]
[Round "2.54"]
[Board "1"]
[White "Sanchez, Jorge"]
[Black "Boydia, Sidi"]
[Result "0-1"]
[WhiteTitle "FM"]
[BlackTitle "FM"]
[WhiteElo "2090"]
[BlackElo "2068"]
[WhiteTeam "Panama"]
[BlackTeam "Mauritania"]
[WhiteFideId "6600280"]
[BlackFideId "19600100"]
[EventDate "2014.08.02"]

1. e4 e5 2. Nf3 Nc6 3. Bb5 a6 4. Ba4 Nf6 5. O-O Be7 6. Re1 b5 7. Bb3 d6 8. c3
O-O 9. h3 Bb7 10. d4 Nd7 11. Nbd2 Bf6 12. Nf1 Ne7 13. Ng3 c5 14. d5 c4 15. Bc2
g6 16. Bh6 Bg7 17. Qd2 f6 18. a4 Nc5 19. Ra3 Qb6 20. Bxg7 Kxg7 21. Nh4 bxa4 22.
Bxa4 Nd3 23. Rb1 Nf4 24. Raa1 f5 25. b3 Rab8 26. bxc4 Qc7 27. Nf3 Qxc4 28. Rb4
Qc7 29. Rab1 fxe4 30. Nxe4 Bxd5 31. Neg5 h6 32. c4 Rxb4 33. Rxb4 Bxc4 34. Rxc4
Qxc4 35. Qxd6 hxg5 36. Qxe7+ Qf7 37. Qxe5+ Qf6 38. Qxf6+ Kxf6 39. Kh2 Rb8 40.
Kg3 Ne2+ 41. Kh2 Rb4 42. Bc2 Nd4 43. Nxd4 Rxd4 44. Kg3 a5 45. Kf3 a4 46. Ke3 Rb4 0-1

[Event "Olimpiade 2014 - Open"]
[Site "Tromsø"]
[Date "03.08.2014"]
[Round "2.54"]
[Board "2"]
[White "Taleb Mohamed, Ahmed"]
[Black "Aizpurua, Patrick"]
[Result "0-1"]
[WhiteTitle "CM"]
[BlackTitle "FM"]
[WhiteElo "2024"]
[BlackElo "2172"]
[WhiteTeam "Mauritania"]
[BlackTeam "Panama"]
[WhiteFideId "19600038"]
[BlackFideId "6600522"]
[EventDate "2014.08.02"]

1. d4 Nf6 2. Nf3 e6 3. c4 Bb4+ 4. Nc3 O-O 5. Qb3 Qe7 6. Bg5 Nc6 7. a3 Bxc3+ 8.
Qxc3 d6 9. e3 e5 10. d5 Nb8 11. Nd2 Re8 12. Bd3 Bg4 13. Qc2 h6 14. h3 hxg5 15.
hxg4 Nxg4 16. Be2 Nh6 17. Ne4 Nd7 18. Rh5 g4 19. O-O-O Nf6 20. Ng5 e4 21. Rh2
Qe5 22. Rdh1 Qxg5 23. f4 exf3 24. gxf3 gxf3 25. Bd3 Rxe3 26. Kb1 Rae8 27. Ka2
Re1 28. Bf1 Qc1 29. Qf5 Rxf1 30. Rxf1 Qxf1 31. Qf4 Re4 32. Qd2 Qxc4+ 33. Ka1 Re2
34. Rxe2 Qxe2 35. Qb4 0-1

[Event "Olimpiade 2014 - Open"]
[Site "Tromsø"]
[Date "03.08.2014"]
[Round "2.54"]
[Board "3"]
[White "Esquivel Golcher, Luis"]
[Black "Sabar, Ethmane Daouda"]
[Result "1-0"]
[WhiteTitle "FM"]
[WhiteElo "2173"]
[BlackElo "2002"]
[WhiteTeam "Panama"]
[BlackTeam "Mauritania"]
[WhiteFideId "6600174"]
[BlackFideId "19600097"]
[EventDate "2014.08.02"]

1. e4 c5 2. Nf3 Nc6 3. d4 cxd4 4. Nxd4 Nf6 5. Nc3 e5 6. Ndb5 d6 7. Bg5 a6 8. Na3
b5 9. Bxf6 gxf6 10. Nd5 Bg7 11. g3 f5 12. exf5 Bxf5 13. Bg2 O-O 14. Ne3 Ne7 15.
Nxf5 Nxf5 16. Qh5 b4 17. Qxf5 bxa3 18. Be4 Qa5+ 19. c3 Rfd8 20. b4 Qc7 21. Bxa8
Qxc3+ 22. Ke2 Qc4+ 23. Qd3 Qxd3+ 24. Kxd3 Rxa8 25. Ke4 Kf8 26. Rac1 Ke7 27. Kd5
Kd7 28. Rc6 Bf8 29. Rhc1 Ra7 30. Rb6 a5 31. b5 Be7 32. Ra6 Rb7 33. b6 1-0

[Event "Olimpiade 2014 - Open"]
[Site "Tromsø"]
[Date "03.08.2014"]
[Round "2.54"]
[Board "4"]
[White "Cheiguer, Mohamed Abdellahi"]
[Black "Fuentes, Adrian"]
[Result "0-1"]
[WhiteElo "1802"]
[BlackElo "2105"]
[WhiteTeam "Mauritania"]
[BlackTeam "Panama"]
[WhiteFideId "19601034"]
[BlackFideId "6600875"]
[EventDate "2014.08.02"]

1. e4 c5 2. Nf3 d6 3. d4 cxd4 4. Nxd4 Nf6 5. Nc3 a6 6. g3 Bd7 7. Bg2 Nc6 8. O-O
e6 9. Re1 Be7 10. Be3 O-O 11. a4 Qc7 12. h3 Ne5 13. Nde2 Nc4 14. Bc1 Rac8 15. b3
Ne5 16. f4 Qc5+ 17. Qd4 Qxd4+ 18. Nxd4 Rxc3 19. fxe5 dxe5 20. Nf3 Bc5+ 21. Kh1
Rxc2 22. Nxe5 Bd4 23. Nxd7 Nxd7 24. Rb1 Ne5 25. Rd1 Nc6 26. b4 e5 27. b5 axb5
28. axb5 Na5 29. Bf1 Rfc8 30. Bd2 Nc4 31. Bc1 h6 32. Bxc4 R8xc4 33. Ba3 Ra2 34.
Rdc1 Rxc1+ 35. Bxc1 Re2 36. Ba3 Re3 37. Bd6 Rxg3 38. Rc1 Rxh3+ 39. Kg2 Rb3 40.
Rc8+ Kh7 41. Rc7 Rxb5 42. Rxf7 Rb2+ 43. Kh3 Kg6 44. Rf3 b5 45. Bf8 Kh7 46. Rg3
g5 47. Ra3 Rf2 48. Bb4 Kg6 49. Ra6+ Kh5 0-1

[Event "Olimpiade 2014 - Open"]
[Site "Tromsø"]
[Date "03.08.2014"]
[Round "2.55"]
[Board "1"]
[White "Rajaonarison, Faniry"]
[Black "Righi, Ezio"]
[Result "1-0"]
[WhiteTitle "CM"]
[BlackTitle "CM"]
[WhiteElo "2112"]
[BlackElo "2085"]
[WhiteTeam "Madagascar"]
[BlackTeam "San Marino"]
[WhiteFideId "13100424"]
[BlackFideId "11800038"]
[EventDate "2014.08.02"]

1. e4 c5 2. Nf3 e6 3. d4 cxd4 4. Nxd4 a6 5. Nc3 Qc7 6. Be3 Bb4 7. Ne2 Nf6 8. a3
Be7 9. Ng3 Nc6 10. Be2 O-O 11. O-O d6 12. f4 b5 13. Kh1 Bb7 14. Bd3 Na5 15. Qe2
Rac8 16. Bd4 Nc6 17. Bg1 Rfd8 18. Rae1 b4 19. Na4 Nd7 20. f5 Qa5 21. fxe6 fxe6
22. b3 Nce5 23. Qh5 Rf8 24. Qh3 Kh8 25. Qxe6 Bh4 26. Qxd6 Bxg3 27. hxg3 bxa3 28.
Nc5 Rf6 29. Nxb7 Qxe1 30. Rxe1 Rxd6 31. Nxd6 Rc6 32. Nc4 Rh6+ 33. Bh2 Ng4 34.
Kg1 Nxh2 35. e5 a2 36. Ra1 Ng4 37. Rxa2 Ngxe5 38. Nxe5 Nxe5 39. Rxa6 g6 40. Be2 1-0

[Event "Olimpiade 2014 - Open"]
[Site "Tromsø"]
[Date "03.08.2014"]
[Round "2.56"]
[Board "1"]
[White "Chipanga, Chiletso"]
[Black "Kelires, Andreas"]
[Result "0-1"]
[WhiteTitle "CM"]
[WhiteElo "2060"]
[BlackElo "2216"]
[WhiteTeam "Malawi"]
[BlackTeam "Cyprus"]
[WhiteFideId "16400119"]
[BlackFideId "5900727"]
[EventDate "2014.08.02"]

1. e4 c5 2. Nf3 d6 3. d4 cxd4 4. Nxd4 Nf6 5. Nc3 a6 6. Be3 e5 7. Nb3 Be6 8. Bg5
Nbd7 9. Be2 Be7 10. Qd2 Rc8 11. O-O O-O 12. Rfd1 h6 13. Be3 Nb6 14. Na5 Qc7 15.
Rac1 Rfd8 16. Bf3 d5 17. exd5 Nbxd5 18. Nb3 e4 19. Be2 Nxc3 20. Qxc3 Rxd1+ 21.
Rxd1 Qxc3 22. bxc3 Rxc3 23. Rd2 Kh7 24. Bd4 Rc8 25. c3 Nd5 26. f3 Nxc3 27. fxe4
Nxe4 28. Bd3 f5 29. Re2 Bd5 30. g4 g6 31. gxf5 gxf5 32. Kf1 Bc4 33. Bxc4 Rxc4
34. Kg2 Bd6 35. Kf3 Rc7 36. Rg2 Ng5+ 37. Ke3 f4+ 38. Kd3 Rf7 39. h4 Nf3 40. Bf2
Be7 41. h5 Ng5 42. Nd4 Bc5 43. Nb3 Rd7+ 44. Kc4 Be7 45. a4 Rd1 46. Bd4 f3 47.
Rb2 Ne4 48. Rc2 Kg8 49. Be3 Bg5 50. Bb6 Kf7 51. Rh2 Rd6 52. Bg1 Rf6 53. Ba7 b6
54. a5 f2 55. Rxf2 b5+ 0-1

[Event "Olimpiade 2014 - Open"]
[Site "Tromsø"]
[Date "03.08.2014"]
[Round "2.56"]
[Board "2"]
[White "Constantinou, Pavlos"]
[Black "Chimthere, Alfred Charles"]
[Result "1-0"]
[WhiteElo "2106"]
[BlackElo "2017"]
[WhiteTeam "Cyprus"]
[BlackTeam "Malawi"]
[WhiteFideId "5900328"]
[BlackFideId "16400046"]
[EventDate "2014.08.02"]

1. e4 c5 2. Nf3 d6 3. Bb5+ Bd7 4. Bxd7+ Qxd7 5. O-O e6 6. c4 Nf6 7. Nc3 Nc6 8.
d4 cxd4 9. Nxd4 Be7 10. Be3 O-O 11. Qe2 Rac8 12. f4 Rfd8 13. Rad1 a6 14. Nf3 Qc7
15. h3 Nd7 16. Rc1 Nc5 17. f5 Ne5 18. fxe6 fxe6 19. Nxe5 dxe5 20. Rfd1 Qc6 21.
Bf2 Bg5 22. Rb1 Bf6 23. b4 Nd7 24. c5 Nf8 25. Rxd8 Rxd8 26. Rd1 Ng6 27. Rxd8+
Bxd8 28. Qd3 Be7 29. g3 Nf8 30. Kg2 Nd7 31. Qc4 Kf7 32. Qe2 Nf6 33. Qd3 Ke8 34.
a4 Qd7 35. Qc4 Qc8 36. b5 a5 37. c6 Bb4 38. Bc5 Bxc3 39. cxb7 Qxb7 40. Qxe6+ Kd8
41. Bb6+ 1-0

[Event "Olimpiade 2014 - Open"]
[Site "Tromsø"]
[Date "03.08.2014"]
[Round "2.56"]
[Board "3"]
[White "Nyambalo, Joseph Xavier"]
[Black "Aristotelous, Vassilis"]
[Result "1/2-1/2"]
[WhiteTitle "CM"]
[WhiteElo "2115"]
[BlackElo "1946"]
[WhiteTeam "Malawi"]
[BlackTeam "Cyprus"]
[WhiteFideId "20500041"]
[BlackFideId "5900468"]
[EventDate "2014.08.02"]

1. Nf3 Nf6 2. c4 g6 3. d4 Bg7 4. Nc3 O-O 5. e4 d6 6. h3 Na6 7. Be2 e5 8. d5 Nc5
9. Qc2 a5 10. O-O Bd7 11. Be3 b6 12. a4 Nh5 13. Bxc5 bxc5 14. Ne1 Nf4 15. Nd3 f5
16. Nxf4 exf4 17. Bf3 fxe4 18. Nxe4 Bf5 19. Qd2 Bxe4 20. Bxe4 Qf6 21. Rab1 Qd4
22. Qxd4 Bxd4 23. Rfe1 Kg7 24. Kf1 Kf6 25. b3 Rab8 26. Ke2 Rfe8 27. Kf3 Bc3 28.
Red1 Be5 29. Rd2 Rb4 30. Re2 Rbb8 31. Bc2 1/2-1/2

[Event "Olimpiade 2014 - Open"]
[Site "Tromsø"]
[Date "03.08.2014"]
[Round "2.57"]
[Board "1"]
[White "Davy, Damion"]
[Black "Al-Hajiri, Bader"]
[Result "1-0"]
[WhiteTitle "CM"]
[WhiteElo "2164"]
[BlackElo "2123"]
[WhiteTeam "Jamaica"]
[BlackTeam "Kuwait"]
[WhiteFideId "7400519"]
[BlackFideId "10300163"]
[EventDate "2014.08.02"]

1. e4 e5 2. Nf3 Nc6 3. Bc4 Nf6 4. d3 d5 5. exd5 Nxd5 6. h3 Bc5 7. O-O O-O 8. Re1
Kh8 9. Nxe5 Nxe5 10. Rxe5 Bxf2+ 11. Kxf2 Qf6+ 12. Qf3 Qxe5 13. Qxd5 Qf6+ 14. Qf3
Qd4+ 15. Kf1 Be6 16. Qf2 Qe5 17. Nd2 Rae8 18. Nf3 Qf6 19. Bb3 h6 20. Be3 b6 21.
Bd4 Qg6 22. Re1 c5 23. Bc3 Bxb3 24. axb3 f6 25. Nh4 Qf7 26. Nf5 Rxe1+ 27. Bxe1
Qe6 28. g4 Re8 29. Bc3 Qd5 30. Ng3 b5 31. Kg1 b4 32. Bd2 Qe5 33. Ne4 c4 34. Qc5
cxd3 35. Qxe5 Rxe5 36. cxd3 Rd5 37. Nf2 a5 38. Kf1 h5 39. Ke2 hxg4 40. hxg4 Kh7
41. Be3 f5 42. g5 Kg6 43. Kf3 Rd6 44. d4 Rc6 45. Nd3 Rc2 46. Kf4 Rg2 47. d5 Rg4+
48. Kf3 Re4 49. d6 1-0